[Event "Baden-ch U14"]
[Site "Bad Mergentheim"]
[Date "2003.01.02"]
[Round "1"]
[White "Mrinski, Evgenij"]
[Black "Knoedler, Jennifer"]
[Result "1-0"]
[WhiteElo "1523"]
[BlackElo "978"]
[PlyCount "89"]
[EventDate "2003.01.??"]
[EventType "swiss"]
[EventRounds "7"]
[EventCountry "GER"]
[SourceTitle "EXT 2005"]
[Source "ChessBase"]
[SourceDate "2004.11.15"]
[SourceVersion "1"]
[SourceVersionDate "2004.11.15"]
[SourceQuality "1"]

1. e4 e5 2. Nf3 Nc6 3. d4 d6 4. dxe5 Nxe5 5. Nxe5 dxe5 6. Qxd8+ Kxd8 7. Bc4 Be6 8. Bxe6 fxe6 9. Nc3 Bb4 10. Bd2 Nf6 11. f3 h6 12. 0-0-0 Ke7 13. a3 Bxc3 14. Bxc3 Nd7 15. Rd2 Rad8 16. Rhd1 a6 17. g3 Rhf8 18. Bb4+ c5 19. Rxd7+ Rxd7 20. Bxc5+ Ke8 21. Rxd7 Kxd7 22. Bxf8 g6 23. Bxh6 Ke7 24. Bg7 Kd6 25. h4 b5 26. g4 a5 27. h5 gxh5 28. gxh5 b4 29. axb4 axb4 30. h6 b3 31. h7 bxc2 32. h8Q Kc6 33. Bxe5 Kd7 34. Kxc2 Ke7 35. Qf6+ Kd7 36. Qf7+ Kc6 37. Qxe6+ Kb5 38. Kc3 Kc5 39. Qd5+ Kb6 40. Bd4+ Kc7 41. e5 Kc8 42. e6 Kc7 43. Qd7+ Kb8 44. e7 Ka8 45. Qa7# 1-0

[Event "Baden-ch U14"]
[Site "Schoeneck"]
[Date "2002.01.02"]
[Round "1"]
[White "Benz, Jonathan"]
[Black "Knoedler, Jennifer"]
[Result "1-0"]
[WhiteElo "1306"]
[BlackElo "1016"]
[PlyCount "77"]
[EventDate "2002.01.??"]
[EventType "swiss"]
[EventRounds "7"]
[EventCountry "GER"]
[SourceTitle "EXT 2003"]
[Source "ChessBase"]
[SourceDate "2002.11.25"]
[SourceVersion "1"]
[SourceVersionDate "2002.11.25"]
[SourceQuality "1"]

1. Nf3 Nc6 2. g3 e5 3. e4 Nf6 4. d3 d5 5. exd5 Nxd5 6. Bg2 Bc5 7. Bd2 0-0 8. Nc3 Ndb4 9. 0-0 Bf5 10. a3 Nd5 11. Re1 f6 12. Qc1 Qd6 13. b4 Bb6 14. b5 Na5 15. Na4 c6 16. Nxb6 Nxb6 17. Bxa5 Nd5 18. bxc6 Qxc6 19. Bb4 Rfe8 20. Nh4 Bg4 21. c4 Nc7 22. Bxc6 bxc6 23. Ng2 Rab8 24. Bd6 Rbc8 25. Bxc7 Rxc7 26. Qe3 Rce7 27. Qc5 Rc7 28. Rab1 Bc8 29. Qd6 Rce7 30. Qxc6 Bd7 31. Qa6 Ra8 32. Rb4 Bc8 33. Qc6 a5 34. Qxa8 axb4 35. Qxc8+ Kf7 36. axb4 Kg6 37. b5 f5 38. Nh4+ Kg5 39. Qxf5+ 1-0

[Event "Baden-ch U14"]
[Site "Schoeneck"]
[Date "2002.01.02"]
[Round "2"]
[White "Roskosch, Stefan"]
[Black "Knoedler, Jennifer"]
[Result "1-0"]
[WhiteElo "1156"]
[BlackElo "1016"]
[PlyCount "151"]
[EventDate "2002.01.??"]
[EventType "swiss"]
[EventRounds "7"]
[EventCountry "GER"]
[SourceTitle "EXT 2003"]
[Source "ChessBase"]
[SourceDate "2002.11.25"]
[SourceVersion "1"]
[SourceVersionDate "2002.11.25"]
[SourceQuality "1"]

1. e4 e5 2. Nf3 Nc6 3. Bc4 Bc5 4. d3 Nf6 5. Be3 Qe7 6. Bxc5 Qxc5 7. Nc3 0-0 8. Qd2 d6 9. h3 Be6 10. Bb3 Bxb3 11. axb3 d5 12. exd5 Nxd5 13. Nxd5 Qxd5 14. 0-0 f5 15. Rfe1 Rae8 16. Re2 Nd4 17. Nxd4 Qxd4 18. Qc3 Qd6 19. Rae1 e4 20. Qc4+ Re6 21. dxe4 f4 22. Qd5 c6 23. Qxd6 Rxd6 24. f3 b5 25. Ra1 Rd7 26. Kf1 Ra8 27. Ke1 a5 28. Rd2 Rxd2 29. Kxd2 Kf7 30. Ke2 Kf6 31. Rd1 a4 32. bxa4 Rxa4 33. Rd6+ Ke7 34. Rxc6 b4 35. b3 Ra2 36. Rc4 g5 37. Kf2 Kf6 38. g3 Ke5 39. Rc5+ Kd6 40. Rc4 Ke5 41. Kg2 h5 42. h4 gxh4 43. gxf4+ Kxf4 44. Kh3 Kg5 45. f4+ Kxf4 46. Kxh4 Ra5 47. Rxb4 Rg5 48. e5+ Kf5 49. e6 Kg6 50. e7 Re5 51. Rb6+ Kf7 52. Rb7 Kg6 53. Rb6+ Kf7 54. Rh6 Kxe7 55. Rh7+ Kf6 56. Rh6+ Kg7 57. Rxh5 Re4+ 58. Kg3 Kg6 59. Rh4 Re5 60. Rg4+ Kh5 61. Kf4 Re6 62. Kf5 Rh6 63. Rg2 Kh4 64. Rh2+ Kg3 65. Rxh6 Kf3 66. Re6 Kg3 67. Ke5 Kf3 68. Kd5 Kg3 69. Rf6 Kg4 70. Ke4 Kg5 71. Rf1 Kg4 72. Rg1+ Kh3 73. Kf4 Kh2 74. Rg7 Kh3 75. Rg8 Kh4 76. Rh8# 1-0